İktidarın ideolojisi ve ideolojinin iktidarı (Record no. 3155)

MARC details
000 -BAŞLIK
Sabit Uzunlukta Kontrol Alanı 00818na a2200289 4500
001 - KONTROL NUMARASI
Denetim Alanı 20002
003 - KONTROL NUMARASI IDENTIFIER
Denetim Alanı MIRAKIL
005 - SON İŞLEM TARİHİ VE ZAMANI
Denetim Alanı 20181213154922.0
008 - SABİT-BOY VERİ ELEMANLARI - GENEL BİLGİLER
Sabit Uzunlukta Kontrol Alanı 161229b tu 000 0
020 ## - ULUSLARARASI STANDART KİTAP NUMARASI
Uluslararası Standart Kitap Numarası 9754700109
035 ## - SİSTEM KONTROL NUMARASI
Sistem Kontrol Numarası 20002
040 ## - KATALOGLAMA KAYNAK
Orijinal Kataloglama Ajansı Milas
Kataloglama Dili tur
Metne Dönüştürmek Ajansı TR-AnCHP
041 ## - DİL KODU
Metin / Ses Parça Veya Ayrı Başlığın Dil Kodu tur
082 ## - DEWEY ONLU SINIFLANDIRMA NUMARASI
Sınıflandırma Numarası 320.01
Ürün Numarası T33i 1989
090 ## - SINIFLAMA NUMARASI
Sınıflama Numarası 320.01 T33i 1989
100 ## - ANA GİRİŞ - KİŞİSEL İSİM
Kişisel Ad Therborn, Göran
245 ## - BAŞLIK TABLOSU
Başlık İktidarın ideolojisi ve ideolojinin iktidarı
Sorumluluk Tablosu, Vb Göran Therborn ; çeviren İrfan Cüre
260 ## - YAYIN, DAĞITIM, VB
Yayın, Dağıtım, Vb Yeri İstanbul
Yayıncı, Dağıtıcı, Vs Adı İletişim
Yayın, Dağıtım, Vb Tarihi 1989
300 ## - FİZİKSEL TANIM
Kapsam 112 s.
Boyutlar 20 sm.
440 ## - SERİSİ TABLOSU / KATMA GİRİŞİ - BAŞLIK
Başlık İletişim Yayınları
Hacim / Ardışık Tanımı 80
490 ## - SERİSİ TABLOSU
Seri Beyanı Politika Dizisi
Hacim / Ardışık Tanımı 8
500 ## - GENEL NOT
Genel Not Kaynakça var.
650 ## - KONU KATMA GİRİŞ - TOPİKAL DÖNEM
Topikal Süreli Veya Coğrafi Ad Giriş Elemanı Siyasal bilimler
Genel Alt Bölümü İdeolojiler
650 ## - KONU KATMA GİRİŞ - TOPİKAL DÖNEM
Topikal Süreli Veya Coğrafi Ad Giriş Elemanı Siyasal ideolojiler
Genel Alt Bölümü İktidar
700 ## - KATMA GİRİŞ - KİŞİSEL İSİM
Kişisel Ad Cüre, İrfan
942 ## - EKLENDİ GİRİŞ ELEMANLARI (KOHA)
Sınıflandırma Veya Raf Düzeni Kaynak Dewey Decimal Classification
Koha Öğesi Türü Books
999 ## - SİSTEM KONTROL NUMARALARI (KOHA)
Koha Biblionumber 3155
Koha Biblioitemnumber 3155
Holdings
Kalıcı Konum Mevcut Konum Edinme Tarihi Edinim Kaynak Toplam Check-Out'Lar Tam Çağrı Numarası Barkod Tarih Son Görülme İtibaren Geçerli Fiyatlar Koha Öğesi Türü
CHP Kütüphanesi CHP Kütüphanesi 12/29/2016 Bağış   320.01 T33i 1989 010402 12/29/2016 12/29/2016 Books